00577 2200229 4500001002100000005001500021035002000036007000300056008004100059020002200100082001000122084001600132100001700148245006100165250001000226260003500236300002300271650001800294700001300312990001100325990001100336INLIS00000000000425920191017031319 a0010-1019000111ta191017 g f ind  a978-602-1279-75-5 a808.3 a808.3 BAY c0 aBAYU,Permana1 aCold Couple /cBayu Permana; penyunting naskah, Zeeyazee acet.2 aJakarta :bAksara Plus+,c2018 a278 hlm. ;c19 cm. 4aSASTRA. NOVEL0 aZEEYAZEE a6958 a a6958 b